[Event "Wch U20 Girls 39th"]
[Site "Mexico City"]
[Date "2023.09.29"]
[Round "9"]
[White "Montano Vicente, Guadalupe"]
[Black "Velarde Hernandez, Paulina Yunuen"]
[Result "1-0"]
[WhiteElo "1727"]
[BlackElo "1557"]
[PlyCount "133"]
[EventDate "2023.09.21"]
[EventType "swiss"]
[EventRounds "11"]
[EventCountry "MEX"]
[SourceTitle "EXT 2024"]
[Source "ChessBase"]
[SourceDate "2023.10.10"]
[SourceVersion "1"]
[SourceVersionDate "2023.10.10"]
[SourceQuality "1"]

1. d4 d5 2. c4 e6 3. Nc3 Be7 4. cxd5 exd5 5. Qc2 Nc6 6. e3 Nb4 7. Qb1 Nh6 8. a3 Bf5 9. e4 dxe4 10. Bxh6 Nd3+ 11. Bxd3 exd3 12. Bd2 Qxd4 13. Nf3 Qg4 14. 0-0 0-0 15. Qe1 Rae8 16. Qd1 Qg6 17. Ne5 Qd6 18. Nc4 Qd4 19. Ne3 Bg6 20. Qg4 Qe5 21. Nc4 Qh5 22. Qxh5 Bxh5 23. Rfe1 Bc5 24. Rxe8 Rxe8 25. Re1 Kf8 26. Rxe8+ Kxe8 27. Ne5 Be2 28. Nxe2 dxe2 29. Nd3 Bd4 30. Bc3 Bxc3 31. bxc3 Kd7 32. f3 Kc6 33. Kf2 Kb5 34. Nb2 a5 35. Kxe2 Kc5 36. Kd3 b5 37. Nd1 b4 38. cxb4+ axb4 39. axb4+ Kxb4 40. Ne3 c5 41. Kc2 g6 42. Kb2 f5 43. f4 c4 44. Kc2 c3 45. Nd5+ Kc4 46. Nxc3 Kd4 47. Kd2 g5 48. fxg5 f4 49. h4 Ke5 50. Ke2 Kf5 51. Kf3 Ke5 52. Ne2 Kf5 53. Nxf4 Ke5 54. Kg4 Kd6 55. Nh5 Ke7 56. Kf5 Kf7 57. Nf6 Kg7 58. h5 Kh8 59. Nxh7 Kxh7 60. Kf6 Kg8 61. Kg6 Kh8 62. Kh6 Kg8 63. g6 Kh8 64. g7+ Kg8 65. g3 Kf7 66. Kh7 Kf6 67. g8Q 1-0

[Event "Wch U20 Girls 39th"]
[Site "Mexico City"]
[Date "2023.09.28"]
[Round "8"]
[White "Velarde Hernandez, Paulina Yunuen"]
[Black "Mukul Aldana, Daniela Maria"]
[Result "0-1"]
[WhiteElo "1557"]
[BlackElo "1798"]
[PlyCount "114"]
[EventDate "2023.09.21"]
[EventType "swiss"]
[EventRounds "11"]
[EventCountry "MEX"]
[SourceTitle "EXT 2024"]
[Source "ChessBase"]
[SourceDate "2023.10.10"]
[SourceVersion "1"]
[SourceVersionDate "2023.10.10"]
[SourceQuality "1"]

1. d4 d5 2. c4 dxc4 3. Qa4+ c6 4. Qxc4 Nf6 5. Nf3 e6 6. g3 Be7 7. Bg2 0-0 8. 0-0 Qd5 9. Qc2 Nbd7 10. Nc3 Qh5 11. b3 e5 12. Ne4 exd4 13. Nxd4 Re8 14. Bf3 Ng4 15. Bxg4 Qxg4 16. f3 Qg6 17. Bf4 Nc5 18. Nxc5 Qxc2 19. Nxc2 Bxc5+ 20. e3 Bf5 21. Nd4 Bxd4 22. exd4 Re2 23. Rfe1 Rae8 24. Be5 Rxe1+ 25. Rxe1 f6 26. g4 Bxg4 27. fxg4 fxe5 28. dxe5 Kf7 29. Kf2 Ke6 30. Ke3 Rd8 31. Rf1 Rd7 32. Rf5 g6 33. Rf4 Kxe5 34. Re4+ Kf6 35. h4 Re7 36. g5+ Kf7 37. Rxe7+ Kxe7 38. b4 b6 39. a4 a6 40. Kd4 Kd6 41. Ke4 a5 42. bxa5 bxa5 43. Kd4 c5+ 44. Ke4 Ke6 45. Kd3 Kd5 46. Kc3 c4 47. Kc2 Kd4 48. Kd2 c3+ 49. Kc2 Kc4 50. Kc1 Kb3 51. Kb1 Kxa4 52. Ka2 Kb4 53. Kb1 Kb3 54. Kc1 c2 55. h5 gxh5 56. g6 hxg6 57. Kd2 Kb2 0-1